000 00423nab a2200133Ia 4500
003 ES-SlBCS
005 20210601141250.0
008 140529s1996 xxu||||| |||| 00| 0 spa d
041 _aspa
100 1 _aShmidt Andrade, Ciro E.
_9253838
245 0 0 _aEl Amor a la Sabiduría como fundamento didáctico
_c Ciro E. Shmidt Andrade
773 0 _tEducaçao e Filosofia
_gvol. 10, nº. 20, 1996, págs. 7-14
_wRev1534
942 _cAR
999 _c657920
_d657920